Le Corbusier
Salvato in:
| Autori principali: | , |
|---|---|
| Natura: | Libro |
| Lingua: | ceco |
| Pubblicazione: |
Olomouc :
Votobia,
1995
|
| Soggetti: | |
| Tags: |
Nessun Tag, puoi essere il primo ad aggiungerne!!
|
MARC
| LEADER | 00000nam a22000003a 4500 | ||
|---|---|---|---|
| 001 | stu11694 | ||
| 005 | 20150617225802.2 | ||
| 008 | 951103s1995----xr------------------cze-d | ||
| 020 | |a 8085885735 | ||
| 040 | |a STU |b slo | ||
| 041 | 0 | |a cze | |
| 044 | |a xr | ||
| 100 | 1 | |a Huse, Norbert |4 aut | |
| 245 | 1 | |a Le Corbusier | |
| 260 | |a Olomouc : |b Votobia, |c 1995 | ||
| 300 | |a 149 s | ||
| 650 | 7 | |a architektúra |2 stusub | |
| 650 | 7 | |a architekti európski |2 stusub | |
| 700 | 1 | |a Wolf, Lumír |4 aut | |
| 996 | |b 284AU00493 |c A*2729 U |l AAKNAR |s A |a 24 |w stu11694_0002 | ||